000 00905nam a2200253 a 4500
001 000021856
003 DO-SdBNP
005 20250703110510.0
008 100913s1993 sp r 000 0 spa d
020 _a8488455011
040 _aDO-SdBNP
_bspa
_cBNPHU
049 _aBNGR
082 _a303.66
_bG216c
100 1 _aGarcía Calvo, Agustín,
_d1926-
_928585
245 1 0 _aContra la Paz :
_bcontra la democracia /
_cAgustín García Calvo.
260 _aMadrid :
_bVirus,
_bOrates,
_c1993.
300 _a138 [4] p. ;
_c21 cm.
650 7 _aPaz
_xCongresos, conferencias, etc.
_945377
_2LEMB
650 7 _aDemocracia
_vCongresos, conferencias, etc.
_945378
_2LEMB
650 7 _aPoder político
_920469
_2LEMB
_vCongresos, conferencias, etc.
650 4 _a Ciencia política
_xFilosofía
_920383
_vCongresos, conferencias, etc.
650 4 _aAnarquismo
_945380
_vCongresos, conferencias, etc.
942 _2ddc
_cLBS1
999 _c21354
_d21354